000 01064nam a22003017a 4500
003 CHAP
005 20220329134209.0
008 971013s1977 r 00010 d
010 _a16823
011 _a17795
035 _a21879
040 _cCHAP
082 _a154.4
_bH8
100 0 0 _aHuerta Ibarra, José.
_956682
245 _aOrganización lógica de las experiencias de aprendizaje
260 _aMéxico, D.F. :
_bTrillas,
_c1977
300 _a174 p.
490 _aCursos básicos para formación de profesores. Area de sistematización de la Enseñanza
_v; 3
590 _aBATCH-UPD
_b10
_c20130110
_lUCH01
_h1158
590 _aBATCH-UPD
_b10
_c20130410
_lUCH01
_h0741
590 _aBATCH-UPD
_b10
_c20130914
_lUCH01
_h2006
590 _aCONVERSION
_b10
_c20130109
_lUCH01
_h1310
650 1 4 _aAprendizaje
_xPsicologia del.
_96372
830 0 _aCursos básicos para formación de profesores. Area de sistematización de la Enseñanza
_v; 3
_930708
901 _aBK
942 _cLIBRO
949 _a154.4 H8
_bBC
_cLIBRO
_d33724000231585
_eLIBRO
_h54502
_i21879
_si
999 _c16823
_d16823